States with Volcanoes - Statistics

General Stats
  • This quiz has been taken 58 times
    57 since last reset
  • The average score is 9 of 24
Answers on the Grid
Answers color-coded by a green-red scale on the quiz's grid according to % correct below.
Alabama
Alaska
Arizona
Arkansas
California
Colorado
Connecticut
Delaware
Florida
Georgia
Hawaii
Idaho
Illinois
Indiana
Iowa
Kansas
Kentucky
Louisiana
Maine
Maryland
Massachusetts
Michigan
Minnesota
Mississippi
Missouri
Montana
Nebraska
Nevada
New Hampshire
New Jersey
New Mexico
New York
North Carolina
North Dakota
Ohio
Oklahoma
Oregon
Pennsylvania
Rhode Island
South Carolina
South Dakota
Tennessee
Texas
Utah
Vermont
Virginia
Washington
West Virginia
Wisconsin
Wyoming
 
Answer Stats
Answer % Correct
Alaska
92%
California
81%
Hawaii
81%
Arizona
70%
Washington
65%
Idaho
59%
Montana
59%
Utah
59%
Colorado
57%
New Mexico
57%
Oregon
57%
Wyoming
49%
Nevada
46%
Texas
38%
Virginia
8%
Mississippi
5%
Missouri
5%
New Jersey
5%
Illinois
3%
Louisiana
3%
New Hampshire
3%
West Virginia
3%
Michigan
0%
North Carolina
0%
No matching quizzes found
Score Distribution
Percent of People with Each Score
Percentile by Number Answered
Your Score History
You have not taken this quiz since the last reset